Die Marzipan-Liese (Record no. 6118)

MARC details
000 -LEADER
fixed length control field 00592cam a22002171 4500
001 - CONTROL NUMBER
control field af 48004577
003 - CONTROL NUMBER IDENTIFIER
control field DLC
005 - DATE AND TIME OF LATEST TRANSACTION
control field 20260227110909.0
008 - FIXED-LENGTH DATA ELEMENTS--GENERAL INFORMATION
fixed length control field 890306s1946 gw a 000 0 ger c
010 ## - LIBRARY OF CONGRESS CONTROL NUMBER
LC control number af 48004577
035 ## - SYSTEM CONTROL NUMBER
System control number (OCoLC)19300591
040 ## - CATALOGING SOURCE
Original cataloging agency Yale Univ. Library
Transcribing agency CU
Modifying agency DLC
042 ## - AUTHENTICATION CODE
Authentication code premarc
050 00 - LIBRARY OF CONGRESS CALL NUMBER
Classification number PT2438.M3
Item number M3
100 1# - MAIN ENTRY--PERSONAL NAME
Personal name Halm, Friedrich,
Dates associated with a name 1806-1871.
245 14 - TITLE STATEMENT
Title Die Marzipan-Liese
Statement of responsibility, etc. [von] Friedrich Halm [pseud.
250 ## - EDITION STATEMENT
Edition statement 1. Aufl.]
260 ## - PUBLICATION, DISTRIBUTION, ETC.
Place of publication, distribution, etc. Stuttgart,
Name of publisher, distributor, etc. Riederer
Date of publication, distribution, etc. [1946]
300 ## - PHYSICAL DESCRIPTION
Extent 73 p.
Other physical details illus.
Dimensions 19 cm.
440 #0 - SERIES STATEMENT/ADDED ENTRY--TITLE
Title Perlenkette,
Volume/sequential designation 15. Bd.

No items available.

Powered by Koha